2000s TV by Actors Quiz Stats

Quiz Updated Aug 6, 2015

Also try: '90s TV by Actor
Challenge
Share
Tweet
Embed
Score 0/42 Timer 10:00
0 Plays Today
Actors' First Names 2000s TV Show % Correct
Kiefer & Carlos24
76.8%
Ozzy & SharonThe Osbournes
73.8%
Miley & EmilyHannah Montana
72.3%
America & VanessaUgly Betty
72%
Felicity & EvaDesperate Housewives
70.8%
Tina & Alec30 Rock
70.5%
Rainn & JennaThe Office
65.9%
Hugh & OmarHouse
59.2%
Hayden & MiloHeroes
58.2%
Naveen & JorgeLOST
57.7%
Jon & AngusTwo and a Half Men
54.3%
Blake & ChaceGossip Girl
53.9%
Marg & JorjaCSI: Crime Scene Investigation
52.3%
Neil & CobieHow I Met Your Mother
51.6%
Vincent & JanuaryMad Men
51.4%
Sandra & ChandraGrey's Anatomy
51%
Jason & PortiaArrested Development
48.1%
Ed & SofiaModern Family
48%
Zach & DonaldScrubs
47.6%
Dominic & WentworthPrison Break
47.3%
Johnny & KaleyThe Big Bang Theory
43.3%
Actors' First Names 2000s TV Show % Correct
Larry & CherylCurb Your Enthusiasm
40.3%
Alexis & KeikoGilmore Girls
36.8%
Jane & JaymaGlee
31.3%
Jane & FrankieMalcolm in the Middle
28.8%
Mark & PauleyNCIS
22.9%
John & Katey8 Simple Rules (For Dating My Teenage Daughter)
20.5%
Kyle & ConnieFriday Night Lights
20.5%
Emily & MichaelaBones
19.2%
Peter & KellyThe O.C.
18.2%
Damon & TishaMy Wife and Kids
17.1%
Hunter & ElizabethWeeds
14.8%
Dominic & WendellThe Wire
14.8%
Kristen & PercyVeronica Mars
13.7%
Frances & LaurenSix Feet Under
12.5%
Chi & LorettaBoston Public
11.3%
Charlie & KaitlinIt's Always Sunny in Philadelphia
11.1%
Jennifer & RonAlias
9.4%
Patricia & MiguelMedium
9%
Lance & BlairFringe
8.1%
Edward & TriciaBattlestar Galactica
8%
Ian & MollyDeadwood
5.9%

You're not logged in!

Compare scores with friends on all Sporcle quizzes.
Join for Free
OR
Log In

You Might Also Like...

Show Comments

Extras

Top Quizzes Today


Score Distribution

Your Account Isn't Verified!

In order to create a playlist on Sporcle, you need to verify the email address you used during registration. Go to your Sporcle Settings to finish the process.

Report this User

Report this user for behavior that violates our Community Guidelines.

Details: